| 000 | 00000nam##2200000za#4500 |
| 001 | 9.645087 |
| 003 | CaOODSP |
| 005 | 20200328191150 |
| 007 | ta |
| 008 | 150407|1992||||xxc||||| f|0| 0 eng|d |
| 020 | |a0-662-19573-6 |
| 040 | |aCaOODSP|beng |
| 043 | |an-cn--- |
| 086 | 1 |aH93-104/1992E |
| 110 | 1 |aCanada.|bHealth and Welfare Canada. |bFitness and Amateur Sport. |
| 245 | 10|aSport: the way ahead: the report of the Minister's Task Force on Federal Sport Policy |
| 260 | |aOttawa - Ontario : |bHealth and Welfare Canada. |c1992. |
| 300 | |a310p. : |bfigs. ; |c28 cm. |
| 563 | |aSoftcover |
| 590 | |a92-21|b1992-05-22 |
| 775 | 08|tLe sport: un pas d'avance: rapport du Groupe de travail du Ministre sur la politique fédérale en matière de sport |w(CaOODSP)9.678865 |